000 00273nam a22001337a 4500
008 181220b xxu||||| |||| 00| 0 eng d
020 _a9783822859803
041 _aeng
080 _a701
100 _a44
101 _aART
245 _aKlimt
_cNeret,G
942 _2udc
_cBK
999 _c53560
_d53560